Statistics for Roller Coasters At Energylandia

Click here to take the quiz!

General Stats

  • This quiz has been taken 98 times
  • The average score is 7 of 15

Answer Stats

Hint% Correct
Hybridzadra
99%
Hyper Coasterhyperion
92%
Launchedformula
72%
Vekoma slcroller coaster mayan
58%
Water Coasterspeed
57%
Suspended Coasterdragon roller coaster
53%
Shuttle Coasterboomerang
42%
Wild Mouseviking roller coaster
42%
Kiddie Coasterenergus roller coaster
36%
Family Coasterfrida
36%
SBF Spinnerhappy loops
26%
Kiddie Coastermars
26%
Kiddie Coastercircus coaster
25%
Kiddie Coasterdraken
24%
Kiddie Coasterfrutti loop coaster
17%

Score Distribution

Percentile by Number Answered

Percent of People with Each Score

Your Score History

You have not taken this quiz